Derrick Rose Trivia - Statistics

General Stats
  • This quiz has been taken 30 times
  • The average score is 17 of 50
Answer Stats
Thingy Derrick Rose % Correct
All-NBA Teams Made 1
95%
Finals Appearances 1
95%
MVP 1
95%
Career High Blocks 2
91%
Drafted Team Chicago Bulls
86%
First Team Chicago Bulls
86%
Championships 0
82%
Career High Steals 5
82%
Drafted Year 2008
73%
All-Star Appearances 3
73%
Second Team New York Knicks
73%
Sixth Team New York Knicks
73%
Career High Rebounds 12
64%
Forth Team Minnesota Timberwolves
59%
Total Years in NBA 16
55%
Seventh Team Memphis Grizzlies
55%
Fifth Team Detroit Pistons
45%
First Joined Olympic Year 2012
41%
Career High Assists 17
36%
Career High Points 50
36%
Third Team Cleveland Cavaliers
36%
Tallest Teammate Joakim Noah
32%
Birthname Derrick Martell Rose
18%
Years Played For 2008-2016
14%
Years Played For 2016-2017
14%
Years Played For 2017-2018
14%
Years Played For 2019-2021
14%
Years Played For 2021-2023
14%
Years Played For 2023-2024
14%
Future Hall of Fame Induction 2028
14%
Nickname Pooh
14%
College University of Memphis
14%
Years Played For 2007-2008
9%
Years Played For 2018-2019
9%
Triple-Doubles 55
9%
Birthplace Englewood
9%
Career High Dunks 102
5%
Career Points Average 17.4
5%
Technical Fouls 81
5%
Weight 91kg
5%
Birthday October 4, 1988
5%
Total Career Points 12573
0%
Height 1.91m
0%
Height 2.08m
0%
Career High Free Throws 2772
0%
Career High Pass 3770
0%
Career High 3 Points 590
0%
Games Played 723
0%
Personal Fouls 923
0%
Retired Date September 26, 2024
0%
No matching quizzes found
Score Distribution
Percent of People with Each Score
Percentile by Number Answered
Your Score History
You have not taken this quiz